Drishtikon a management journal.

Detalles Bibliográficos
Formato: Electrónico Revista
Lenguaje:inglés
Publicado: New Delhi, India : Publishing India Group, 2009-
Materias:
Acceso en línea:Full text available from Research Library: 01/01/2009 to 1 year ago

MARC

LEADER 00000nas a2200000 i 4500
001 ssj0001364975
003 WaSeSS
005 20200512172242.0
006 m d
007 cr n
008 141027c20099999ii fr p|s|||||| |0eng d
022 |a 0975-7848  |l 0975-7422  |y 0975-7422 
035 |a (WaSeSS)ssj0001364975 
040 |a WaSeSS  |b eng  |c WaSeSS  |d WaSeSS 
050 4 |a HD28 
210 0 |a Drishtikon : manag. j.  |b (Online) 
222 0 |a Drishtikon : a management journal  |b (Online) 
245 0 0 |a Drishtikon  |h [electronic resource] :  |b a management journal. 
260 |a New Delhi, India :  |b Publishing India Group,  |c 2009- 
310 |a Semiannual 
362 1 |a Began with Volume 1 (1) (2009). 
506 |a License restrictions may limit access. 
588 |a Description based on: Volume 1 (1) (2009); title from title screen (ProQuest, viewed Oct. 27, 2014). 
588 |a Latest issue consulted: Volume 5 (2) (2014) (viewed Oct. 27, 2014). 
650 0 |a Management  |v Periodicals. 
650 0 |a Industrial management  |v Periodicals. 
655 0 |a Electronic journals. 
776 0 8 |i Print version:  |t Drishtikon : a management journal  |x 0975-7422 
856 4 0 |z Full text available from Research Library: 01/01/2009 to 1 year ago  |u https://search.proquest.com/publication/2030942